00802cam a2200241 a 4500001000800000005001700008008004100025010001700066020003500083020003400118040001800152041000800170080001400178082001800192100000700210101000800217245008200225504006600307906004500373942001200418999001700430952011300447483555720180109074323.0900608s1991 nyua b 001 0 eng  a 90041092  a0275937518 (pbk. : alk. paper) a0275935205 (hb. : alk. paper) aDLCcDLCdDLC aeng a338.9 VAL00a338.9 VAL2202 a52 aEKO10aRegional and local economic analysis for practitioners /cAvrom Bendavid-Val. aIncludes bibliographical references (p. [225]-231) and index. a7bcbccorignewd1eocipf19gy-gencatlg 2ddccBK c39922d39922 00102udc40708PËKGa002b002cPËKGd2018-01-09l0o338.9 VALp002-2995150r2018-01-09w2018-01-09yBK